Mission with Mountbatten / (Record no. 133871)

MARC details
000 -LEADER
fixed length control field 00755nam a22002297a 4500
005 - DATE AND TIME OF LATEST TRANSACTION
control field 20170124110216.0
010 ## - LIBRARY OF CONGRESS CONTROL NUMBER
LC control number A-704139
020 ## - INTERNATIONAL STANDARD BOOK NUMBER
Terms of availability 00.00
International Standard Book Number 8122406211
035 ## - SYSTEM CONTROL NUMBER
System control number A-704139
037 ## - SOURCE OF ACQUISITION
Source of stock number/acquisition Cen Lib/Ret
040 ## - CATALOGING SOURCE
Original cataloging agency DPL
Language of cataloging EN
082 ## - DEWEY DECIMAL CLASSIFICATION NUMBER
Classification number 954.0842
Item number CAM
100 ## - MAIN ENTRY--PERSONAL NAME
Personal name Campbell-Johnson, Alan
9 (RLIN) 39141
245 ## - TITLE STATEMENT
Title Mission with Mountbatten /
Statement of responsibility, etc by Alan Campbell-Johnson
260 ## - PUBLICATION, DISTRIBUTION, ETC. (IMPRINT)
Place of publication, distribution, etc New Delhi
Name of publisher, distributor, etc Wiley Eastern Limited
Date of publication, distribution, etc 1994
270 ## - ADDRESS
Address 4835/24, Ansari Road, Daryganj
City New Delhi
Postal code 110002
300 ## - PHYSICAL DESCRIPTION
Extent 383p. :
Dimensions 22cm(Hb)
Other physical details ill.
500 ## - GENERAL NOTE
General note Includes index
650 ## - SUBJECT ADDED ENTRY--TOPICAL TERM
Topical term or geographic name as entry element Mountbatten of Burma, Louis Mountbatten, -- Earl, -- 1900-1979
9 (RLIN) 105493
650 ## - SUBJECT ADDED ENTRY--TOPICAL TERM
Topical term or geographic name as entry element India -- History -- 1947
9 (RLIN) 105494
942 ## - ADDED ENTRY ELEMENTS (KOHA)
Source of classification or shelving scheme Dewey Decimal Classification
Koha item type English Books
Classification part 954.0842
Call number suffix CAM
Holdings
Withdrawn status Lost status Damaged status Not for loan Collection code Home library Current library Date acquired Source of acquisition Cost, normal purchase price Total Checkouts Full call number Barcode Date last seen Copy number Cost, replacement price Price effective from Koha item type
      Not For Loan Reference Central Library Central Library 28/07/2015 Cen Lib/Ret 0.00   954.0842 CAM A-704139 28/07/2015 1 0.00 28/07/2015 English Books

© Delhi Public Library
Hit Counter
free hit counter